000 00528nam a22001697a 4500
003 SISC
005 20160331152914.0
008 130817t xxu||||| |||| 00| 0 eng d
020 _a9712705080
050 _aK 639
_b.Od26 1996
082 _aHS 323.352'09599
_bOd5 1996
245 _aChildren are people too
_ba guide to the convention on the rights of the child for students and teachers
_cDaniel O'Donnell
260 _aPasig City
_bAnvil Publishers
_c1996
300 _a193 p.
_c26.3 cm
942 _2lcc
_cBK
999 _c8910
_d8910